Grupos de Cinco #1 - Estadísticas

Estadísticas generales
  • Esta prueba ha sido intentada 8.797 veces
  • La puntuación promedio es 35 de 60
Estadísticas de respuestas
Grupo Respuesta % Correcto
Los cinco primeros números en inglés Five
97%
Los cinco primeros números en inglés Four
97%
Los cinco primeros números en inglés One
97%
Los cinco primeros números en inglés Two
97%
Los cinco sentidos Tacto
96%
Los cinco primeros números en inglés Three
96%
Los cinco sentidos Vista
96%
Los cinco sentidos Olfato
95%
Los cinco sentidos Gusto
94%
Los cinco sentidos Oído
94%
Las cinco islas caribeñas más grandes Cuba
85%
Las cinco islas caribeñas más grandes Jamaica
75%
Las áreas metropolitanas más pobladas de Sudamérica Buenos Aires
74%
Las etapas del duelo Ira
74%
Las posiciones del baloncesto Pívot
72%
Los países con una forma de "Santo" en su nombre Santa Lucía
71%
Las áreas metropolitanas más pobladas de Sudamérica Río de Janeiro
67%
Los países del mar Caspio Rusia
67%
Las etapas del duelo Aceptación
66%
Las áreas metropolitanas más pobladas de Sudamérica Bogotá
65%
Los grandes simios (Hominidae) Gorila
65%
Los países con una forma de "Santo" en su nombre Santo Tomé y Príncipe
65%
Los miembros de One Direction Harry Styles
64%
Los cinco primeros libros de la Biblia Génesis
63%
Las etapas del duelo Negación
63%
Los países con una forma de "Santo" en su nombre San Cristóbal y Nieves
63%
Los países con una forma de "Santo" en su nombre San Vicente y las Granadinas
62%
Los países del mar Caspio Azerbaiyán
59%
Los países del mar Caspio Kazajistán
59%
Las áreas metropolitanas más pobladas de Sudamérica Lima
59%
Las posiciones del baloncesto Base
58%
Los grandes simios (Hominidae) Orangután
58%
Las áreas metropolitanas más pobladas de Sudamérica São Paulo
58%
Las posiciones del baloncesto Ala-pívot
57%
Los grandes simios (Hominidae) Chimpancé
57%
Los países del mar Caspio Turkmenistán
55%
Los países del mar Caspio Irán
54%
Los países con una forma de "Santo" en su nombre San Marino
53%
Las posiciones del baloncesto Alero
51%
Los grandes simios (Hominidae) Humano
51%
Las cinco islas caribeñas más grandes Puerto Rico
49%
Los miembros de One Direction Zayn Malik
47%
Los miembros de One Direction Liam Payne
45%
Las cinco islas caribeñas más grandes La Española
44%
Las cinco islas caribeñas más grandes Trinidad
44%
Los miembros de One Direction Louis Tomlinson
42%
Los miembros de One Direction Niall Horan
36%
Las posiciones del baloncesto Escolta
34%
Los cinco primeros libros de la Biblia Éxodo
34%
Las etapas del duelo Depresión
32%
Pilares del islam Oración
32%
Pilares del islam Ayuno
28%
Pilares del islam Peregrinación a La Meca
26%
Las etapas del duelo Negociación
24%
Los cinco primeros libros de la Biblia Deuteronomio
22%
Los cinco primeros libros de la Biblia Levítico
20%
Los cinco primeros libros de la Biblia Números
20%
Los grandes simios (Hominidae) Bonobo
17%
Pilares del islam Limosna
17%
Pilares del islam Profesión de fe
17%
No se encontraron pruebas coincidentes
Distribución de puntuación
Porcentaje de gente con cada puntuación
Porcentaje por número respondido
Historial de tus puntuaciones
No has intentado esta prueba.